00226 2200109 4500245002100000250001100021100002100032650001600053005001900069041001400088084001400102 aALAT MUSIKhText aCet. 1 aMuhammad Ghatfan aKarya Siswa a20250424100719 aIndonesia a081 GHA a